000 00427nam a2200157Ia 4500
008 240729s9999 xx 000 0 und d
022 _a2193-1496
245 0 _aGMS Ophthalmology Cases
260 _aGermany
260 _bGerman Medical Science GMS Publishing House
650 _a Ophthalmology
650 _aMedicine
856 _uhttps://doaj.org/toc/d2518c619a0640fa8499ae90403a9efe
942 _2ddc
942 _cDOAJEJ
999 _c65719
_d65719
945 _a1
_bMadushi Gamage
_c1
_dMadushi Gamage